000 01282naa a2200337 c 4500
001 50382
999 _c50382
_d50382
003 ES-MaCES
005 20171221120808.0
008 171221s2017 uk ||||| t||||||| ||eng d
040 _aES-MaCES
_bspa
_cES-MaCES
_dES-MaCES
100 _938842
_aMoorhouse, Elizabeth A.
245 1 4 _aThe many dimensions of gender equality and their impact on economic growth
_cElizabeth A. Moorhouse
500 _aResumen
504 _aBibliografía: p. 365-368
650 4 _929521
_adiscriminación por razones de sexo
650 4 _928657
_amujeres
650 4 _927173
_aderechos de la mujer
650 4 _930147
_aigualdad de trato
650 4 _927183
_aigualdad de oportunidades
650 4 _927184
_aigualdad de remuneración
650 4 _927094
_acrecimiento económico
650 4 _927093
_adesarrollo económico
650 4 _928259
_aproductividad
650 4 _927082
_aconsecuencias económicas
650 4 _927069
_aeconometría
650 4 _927070
_aanálisis económico
653 1 0 _aMujer
773 0 _986838
_dAbingdon, Oxon Taylor and Francis. Routledge 1971-
_o089734
_tForum for social economics
_w(ES-MaCES)44532
_gvol. 46, no. 4 (Nov. 2017) {55/1124 R. 089734} ;p. 350-370
902 _aART Artículo de revista
942 _2CES
_cAR
_h3.3.